| 000 | 00618nam a22001937a 4500 | ||
|---|---|---|---|
| 005 | 20170817102844.0 | ||
| 010 | _aENG-119827 | ||
| 020 |
_a9788171921362 _c999.00 |
||
| 035 | _aEN-103359 | ||
| 037 | _bDBAD/PUB | ||
| 082 | _a881 | ||
| 100 | _aKulkarni, Meenakshi Jayant | ||
| 245 |
_aPoetic creativity of seamus heaney : _ba critique / _cby Meenakshi Jayant Kulkarni |
||
| 260 |
_aNagpur _bDattsons _c2017 |
||
| 270 |
_aJawaharlal Nehru Marg Sadar, _bNagpur _e440001 |
||
| 300 |
_axiii,216p. _c23cm(Hb) |
||
| 500 | _a Includes bibliographical references and index | ||
| 942 |
_2ddc _cEN _h881 _mKUL |
||
| 999 |
_c143440 _d143440 |
||